Post scriptum a Dependencia y desarrollo en América Latina /

Saved in:
Bibliographic Details
Main Author: Cardoso, Fernando Henrique
Other Authors: Faletto, Enzo (joint author.)
Format: Book
Language:Spanish
Published: Buenos Aires : Centro de Estudios de Estado y Sociedad, 1976.
Series:Documento CEDES/G.E.CLACSO ; no. 6
Subjects:
LEADER 01601nam a2200325 i 4500
001 c000191355
003 CARM
005 20021125001200.0
008 771207s1976 ag b 00010 spa
019 1 |a 1080012  |5 LACONCORD2021 
035 |a (OCoLC)3538751  |5 LACONCORD2021 
043 |a cl----- 
050 0 0 |a HC125  |b .C343 
100 1 |a Cardoso, Fernando Henrique. 
245 1 0 |a Post scriptum a Dependencia y desarrollo en América Latina /  |c Fernando Henrique Cardoso, Enzo Faletto. 
260 |a Buenos Aires :  |b Centro de Estudios de Estado y Sociedad,  |c 1976. 
300 |a 38 p. ;  |c 29 cm. 
490 1 |a Documento CEDES/G.E.CLACSO ; no. 6 
500 |a "Capítulo adicional para las ediciones del libro Dependencia y desarrollo en América Latina en inglés y alemán, y para nueva reedición en castellano." 
504 |a Includes bibliographical references. 
650 0 |a International business enterprises  |z Latin America. 
651 0 |a Latin America  |x Economic conditions  |y 1945- 
651 0 |a Latin America  |x Foreign economic relations. 
651 0 |a Latin America  |x Dependency on foreign countries. 
700 1 |a Faletto, Enzo.  |e joint author. 
700 1 |a Cardoso, Fernando Henrique.  |t Dependencia y desarrollo en América Latina. 
810 2 |a Centro de Estudios de Estado y Sociedad (Buenos Aires, Argentina).  |t Documento CEDES/G.E. CLACSO ;  |v no. 6. 
852 8 |b CARM  |h A2:AD32H0  |i F00698  |p 0284782  |f BK 
999 f f |i da8e76b8-e06c-56dc-a988-dba62461f828  |s dbf0805a-3a89-5e81-80aa-2933111bb6f1 
952 f f |p Can circulate  |a CAVAL  |b CAVAL  |c CAVAL  |d CARM 1 Store  |e F00698  |f A2:AD32H0  |h Other scheme  |i book  |m 0284782